I shot a man in Reno : (Record no. 18604)

000 -LEADER
fixed length control field 00507cam a22001578a 4500
020 ## - INTERNATIONAL STANDARD BOOK NUMBER
ISBN 9780826428578
020 ## - INTERNATIONAL STANDARD BOOK NUMBER
ISBN 0826428576
040 ## - CATALOGING SOURCE
Transcribing agency DLC
082 00 - DEWEY DECIMAL CLASSIFICATION NUMBER
Classification number 782 PCI 2001 C148 Or.
100 1# - MAIN ENTRY--AUTHOR NAME
Personal name Thomson, Graeme
245 10 - TITLE STATEMENT
Title I shot a man in Reno :
Remainder of title a history of death by murder, suicide, fire, flood, drugs, disease, and general misadventure, as related in popular song /
300 ## - PHYSICAL DESCRIPTION
Number of Pages xvii, 253 pages :
Other physical details illustrations ;
Dimensions 22 cm.
650 #0 - SUBJECT ADDED ENTRY--TOPICAL TERM
Topical Term Popular music
650 #0 - SUBJECT ADDED ENTRY--TOPICAL TERM
Topical Term Death in music
942 ## - ADDED ENTRY ELEMENTS (KOHA)
Koha item type ADB
952 ## - LOCATION AND ITEM INFORMATION (KOHA)
Withdrawn status [LOCAL, KOHA] 0
Holdings
Source of acquisition Permanent Location Date acquired Koha item type Lost status Shelving location Current Location Full call number
a39050Library Block C2019-12-25សៀវភៅភាសាអង់គ្លេស C148Library Block C782 PCI 2001 C148 Or.
មជ្ឈមណ្ឌលឯការនៃសាកលវិទ្យាល័យភូមិន្ទកសិកម្មចំការដូង

Powered by Koha